[Event "72nd NED-ch"]
[Site "Amsterdam NED"]
[Date "2016.08.22"]
[Round "1"]
[White "Bok, Benjamin"]
[Black "Van Wely, Loek"]
[Result "1/2-1/2"]
[WhiteElo "2599"]
[BlackElo "2657"]
[EventDate "2016.08.22"]
[PlyCount "72"]

1.e4 c5 2.Nf3 d6 3.d4 cxd4 4.Nxd4 Nf6 5.Nc3 a6 6.Be3 e5 7.Nb3 Be6 8.f3 
Nbd7 9.Qd2 Be7 10.g4 h6 11.O-O-O b5 12.h4 Nb6 13.Qf2 Nfd7 14.Kb1 Rc8 15.
Nd5 Bxd5 16.exd5 Nc4 17.Bc1 g6 18.h5 g5 19.Bd3 Ndb6 20.Bf5 Rb8 21.Nd2 
Nxd2+ 22.Rxd2 Na4 23.Qe2 Qa5 24.Ka1 Bd8 25.Rdd1 Bb6 26.Qe1 Qxe1 27.Rhxe1 
Kd8 28.Bd2 Re8 29.Kb1 Re7 30.b3 Nc5 31.Rc1 a5 32.a3 Rc7 33.Ka2 Ra8 34.Kb2 
Rb8 35.Ka2 Ra8 36.Kb2 Rb8 1/2-1/2

[Event "72nd NED-ch"]
[Site "Amsterdam NED"]
[Date "2016.08.22"]
[Round "1"]
[White "Reinderman, Dimitri"]
[Black "Ernst, Sipke"]
[Result "1/2-1/2"]
[WhiteElo "2584"]
[BlackElo "2535"]
[EventDate "2016.08.22"]
[PlyCount "53"]

1.c4 g6 2.Nc3 c5 3.Nf3 Bg7 4.e3 Nf6 5.d4 O-O 6.Be2 d5 7.O-O cxd4 8.Nxd4 
dxc4 9.Bxc4 a6 10.a4 Qc7 11.b3 Nbd7 12.Bb2 Nb6 13.Bd3 Rd8 14.Rc1 e5 15.Nf3
Qe7 16.Qc2 Bg4 17.a5 Nbd5 18.Nxd5 Rxd5 19.Bc4 Bxf3 20.gxf3 Rdd8 21.Rfd1 
Ne8 22.Kf1 Rac8 23.Rxd8 Rxd8 24.Rd1 Bf6 25.Ke2 Rxd1 26.Kxd1 e4 27.Bxf6 
1/2-1/2

[Event "72nd NED-ch"]
[Site "Amsterdam NED"]
[Date "2016.08.22"]
[Round "1"]
[White "Van Foreest, Jorden"]
[Black "l`Ami, Erwin"]
[Result "1-0"]
[WhiteElo "2601"]
[BlackElo "2606"]
[EventDate "2016.08.22"]
[PlyCount "71"]

1.e4 e5 2.Nf3 Nc6 3.d4 exd4 4.Nxd4 Nf6 5.Nxc6 bxc6 6.e5 Qe7 7.Qe2 Nd5 8.c4
Nb6 9.Nc3 a5 10.Bd2 a4 11.Qe4 g6 12.Bd3 Bg7 13.O-O O-O 14.Rae1 Bb7 15.Bf4 
Rae8 16.Qe2 Qb4 17.Ne4 Re6 18.Qe3 Ba6 19.b3 axb3 20.axb3 d5 21.exd6 Rfe8 
22.Bh6 Bc3 23.Qc1 Bxe1 24.Rxe1 Nd7 25.dxc7 f6 26.Qa1 Bc8 27.Re3 Qe7 28.c5 
Ne5 29.Nd6 Nxd3 30.Nxe8 Rxe3 31.fxe3 g5 32.Nxf6+ Kf7 33.Bxg5 Kg6 34.Ne4 
Qe6 35.Qd4 Ne1 36.Bf4 1-0

[Event "72nd NED-ch"]
[Site "Amsterdam NED"]
[Date "2016.08.22"]
[Round "1"]
[White "Van den Doel, Erik"]
[Black "Werle, Jan"]
[Result "1/2-1/2"]
[WhiteElo "2575"]
[BlackElo "2567"]
[EventDate "2016.08.22"]
[PlyCount "103"]

1.e4 e6 2.d4 d5 3.Nd2 c5 4.Ngf3 cxd4 5.Nxd4 Nc6 6.Bb5 Bd7 7.Nxc6 bxc6 8.
Ba4 Bd6 9.Qe2 Ne7 10.e5 Bc7 11.O-O O-O 12.Nf3 Ng6 13.c4 f6 14.exf6 Qxf6 
15.Bg5 Nf4 16.Bxf4 Bxf4 17.Rae1 Rab8 18.b3 Rb4 19.Ne5 Bxe5 20.Qxe5 Qxe5 
21.Rxe5 dxc4 22.Ra5 cxb3 23.Bxb3 Rb7 24.Rd1 Re8 25.f4 Kf8 26.Kf2 Ke7 27.
Ke3 Rf8 28.Rd4 Rf5 29.Rda4 Rxa5 30.Rxa5 Kd6 31.Kd4 h6 32.h4 Bc8 33.g3 Rf7 
34.Bc4 a6 35.Rc5 Rf5 36.Rxf5 exf5 37.a3 a5 38.Bf7 c5+ 39.Kc3 Be6 40.Bh5 
Kc6 41.Be2 Kb6 42.Bd3 Bc8 43.Bc4 Kc6 44.Be2 Be6 45.Bd3 Kd6 46.Be2 Bd5 47.
Bd3 Be4 48.Bc4 Bf3 49.Bd3 Be4 50.Bc4 Bc6 51.Be2 Bd7 52.Bc4 1/2-1/2

[Event "72nd NED-ch"]
[Site "Amsterdam NED"]
[Date "2016.08.23"]
[Round "2"]
[White "l`Ami, Erwin"]
[Black "Ernst, Sipke"]
[Result "1/2-1/2"]
[WhiteElo "2606"]
[BlackElo "2535"]
[EventDate "2016.08.22"]
[PlyCount "114"]

1.d4 d5 2.c4 c6 3.Nf3 Nf6 4.Nc3 a6 5.e3 Bf5 6.Be2 h6 7.Bd3 Bxd3 8.Qxd3 e6 
9.O-O Bb4 10.Bd2 a5 11.a3 Bxc3 12.bxc3 Nbd7 13.cxd5 exd5 14.c4 dxc4 15.
Qxc4 O-O 16.Rab1 Ne4 17.Qc2 Nd6 18.a4 Qe7 19.e4 Qxe4 20.Qxe4 Nxe4 21.Rxb7 
Rfd8 22.Rc1 Nxd2 23.Nxd2 Nf8 24.Nb3 Ne6 25.g3 Nxd4 26.Nxd4 Rxd4 27.Rxc6 
Rxa4 28.Rcc7 Rb4 29.Ra7 Rxa7 30.Rxa7 Rb5 31.h4 g5 32.hxg5 hxg5 33.g4 Rb1+ 
34.Kg2 Ra1 35.Kf3 Ra4 36.Ke3 Kg7 37.Ra6 Ra2 38.Kf3 Ra4 39.Ke3 f6 40.Ra7+ 
Kf8 41.f3 Ke8 42.Ra6 Ke7 43.Ke2 Ra3 44.Kf2 Kf7 45.Kg3 Ra1 46.Kg2 Ra2+ 47.
Kg3 Ke7 48.Kh3 a4 49.Kg3 a3 50.f4 Ra1 51.fxg5 fxg5 52.Kg2 Ra2+ 53.Kf3 Ra1 
54.Kg2 Kd7 55.Ra5 Ra2+ 56.Kf3 Ra1 57.Kg2 a2 1/2-1/2

[Event "72nd NED-ch"]
[Site "Amsterdam NED"]
[Date "2016.08.23"]
[Round "2"]
[White "Van Foreest, Jorden"]
[Black "Van den Doel, Erik"]
[Result "1-0"]
[WhiteElo "2601"]
[BlackElo "2575"]
[EventDate "2016.08.22"]
[PlyCount "111"]

1.e4 e5 2.Nf3 Nc6 3.d4 exd4 4.Nxd4 Nf6 5.Nxc6 bxc6 6.e5 Qe7 7.Qe2 Nd5 8.c4
Nb6 9.Nc3 Bb7 10.Bd2 g6 11.O-O-O O-O-O 12.f4 c5 13.a4 d5 14.cxd5 Nxd5 15.
g3 Qe6 16.Bg2 Nb4 17.Bxb7+ Kxb7 18.Nb5 Nc6 19.Bc3 Be7 20.Na3 Nd4 21.Qc4 h5
22.Bxd4 cxd4 23.Qxe6 fxe6 24.Nc4 Kc6 25.Kc2 Kd5 26.b3 Rb8 27.Nd2 c5 28.Rb1
Rb7 29.Rhf1 Rf8 30.Kd3 Rfb8 31.Kc2 Bd8 32.Rf3 Ba5 33.Nc4 Bc7 34.Re1 Rxb3 
35.Rxb3 Kxc4 36.Rxb8 Bxb8 37.Rb1 Bc7 38.Rb7 Bb6 39.Rd7 Kb4 40.a5 Bxa5 41.
Rd6 Kc4 42.h3 Be1 43.Rxe6 d3+ 44.Kd1 Bxg3 45.Rxg6 Bxf4 46.e6 Bd6 47.Rg7 a5
48.e7 Bxe7 49.Rxe7 a4 50.Ra7 Kb3 51.Kd2 a3 52.Kxd3 c4+ 53.Kd2 c3+ 54.Kc1 
a2 55.h4 c2 56.Ra8 1-0

[Event "72nd NED-ch"]
[Site "Amsterdam NED"]
[Date "2016.08.23"]
[Round "2"]
[White "Van Wely, Loek"]
[Black "Reinderman, Dimitri"]
[Result "1-0"]
[WhiteElo "2657"]
[BlackElo "2584"]
[EventDate "2016.08.22"]
[PlyCount "75"]

1.d4 Nf6 2.c4 g6 3.Nc3 Bg7 4.e4 d6 5.Nf3 O-O 6.Be2 c5 7.d5 e6 8.O-O Re8 9.
h3 exd5 10.exd5 Bf5 11.Nh4 Bd7 12.Bd3 Ng4 13.Nf3 Ne5 14.Nxe5 Bxe5 15.Bd2 
Na6 16.a3 f5 17.Qc1 Qf6 18.Bg5 Qf7 19.Re1 b6 20.Qd2 Nc7 21.b4 Qg7 22.Rec1 
Qf8 23.bxc5 dxc5 24.Re1 Qd6 25.a4 Na6 26.a5 Nb4 27.Bf1 Bf6 28.axb6 Rxe1 
29.Rxe1 axb6 30.Nb5 Bxg5 31.Qxg5 Bxb5 32.cxb5 Qxd5 33.Qf6 Rf8 34.Qxb6 c4 
35.Re7 c3 36.Qc7 Qd4 37.Bc4+ Kh8 38.Rxh7# 1-0

[Event "72nd NED-ch"]
[Site "Amsterdam NED"]
[Date "2016.08.23"]
[Round "2"]
[White "Werle, Jan"]
[Black "Bok, Benjamin"]
[Result "1/2-1/2"]
[WhiteElo "2567"]
[BlackElo "2599"]
[EventDate "2016.08.22"]
[PlyCount "50"]

1.d4 Nf6 2.c4 g6 3.Nc3 d5 4.Bg5 Bg7 5.Bxf6 Bxf6 6.cxd5 c5 7.Nf3 cxd4 8.
Nxd4 Qb6 9.Nb3 O-O 10.Qd2 Rd8 11.Rd1 a5 12.e4 Bg4 13.Be2 Bxe2 14.Nxe2 e6 
15.Nc3 a4 16.Nc1 a3 17.bxa3 Rxa3 18.N3e2 Ra4 19.O-O Rxe4 20.Qc2 exd5 21.
Rxd5 Rde8 22.Qd2 Nc6 23.Ng3 Rd4 24.Rxd4 Qxd4 25.Qc2 Qd5 1/2-1/2

[Event "72nd NED-ch"]
[Site "Amsterdam NED"]
[Date "2016.08.24"]
[Round "3"]
[White "Bok, Benjamin"]
[Black "Van Foreest, Jorden"]
[Result "0-1"]
[WhiteElo "2599"]
[BlackElo "2601"]
[EventDate "2016.08.22"]
[PlyCount "86"]

1.e4 d6 2.d4 Nf6 3.Nc3 e5 4.Nf3 Nbd7 5.Bc4 Be7 6.a4 O-O 7.O-O exd4 8.Nxd4 
Ne5 9.Ba2 Nc6 10.h3 Nb4 11.Bb3 c5 12.Nde2 Be6 13.Nf4 Bxb3 14.cxb3 Re8 15.
f3 Bf8 16.Nfd5 Re5 17.Nxb4 cxb4 18.Nb5 Nh5 19.f4 Qb6+ 20.Kh2 Rxe4 21.Qxh5 
a6 22.Bd2 Rae8 23.Rfe1 axb5 24.Qxb5 Qf2 25.Rxe4 Rxe4 26.Rd1 d5 27.Qf1 Qxf1
28.Rxf1 Rd4 29.Be3 Rd3 30.Bb6 Bd6 31.Kg1 Rxb3 32.Rd1 Bxf4 33.Rxd5 h5 34.
Rd8+ Kh7 35.Rd7 Rxb2 36.Rxf7 Be5 37.Rxb7 b3 38.Bc7 Rb1+ 39.Kf2 Bd4+ 40.Ke2
b2 41.Bf4 Bf6 42.g4 Rg1 43.g5 Be7 0-1

[Event "72nd NED-ch"]
[Site "Amsterdam NED"]
[Date "2016.08.24"]
[Round "3"]
[White "Ernst, Sipke"]
[Black "Van Wely, Loek"]
[Result "1/2-1/2"]
[WhiteElo "2535"]
[BlackElo "2657"]
[EventDate "2016.08.22"]
[PlyCount "91"]

1.d4 d5 2.c4 c6 3.cxd5 cxd5 4.Bf4 Nc6 5.e3 Nf6 6.Nc3 a6 7.Be2 Bf5 8.g4 Be4
9.f3 Bg6 10.h4 h6 11.Nh3 e6 12.Kf2 Nd7 13.Bg3 Nb6 14.Nf4 Bh7 15.g5 Bd6 16.
Kg2 Rc8 17.Qe1 Ne7 18.Nh3 Nf5 19.Bf2 Be7 20.Rd1 hxg5 21.hxg5 Bxg5 22.Nxg5 
Qxg5+ 23.Kf1 Kf8 24.e4 Nd6 25.Bh4 Bg6 26.Rh2 Rxh4 27.Qxh4 Qxh4 28.Rxh4 Ke7
29.Kf2 Nbc4 30.exd5 Nxb2 31.Rd2 Rxc3 32.Rxb2 exd5 33.Rh8 Ra3 34.Bd1 Bd3 
35.Bb3 Bc4 36.Rb1 b5 37.Rb8 a5 38.Re1+ Kd7 39.Re3 Bxb3 40.axb3 a4 41.b4 
Rb3 42.Ra8 Rxb4 43.Ra7+ Kc6 44.Ra6+ Kd7 45.Ra7+ Kc6 46.Ra6+ 1/2-1/2

[Event "72nd NED-ch"]
[Site "Amsterdam NED"]
[Date "2016.08.24"]
[Round "3"]
[White "Reinderman, Dimitri"]
[Black "Werle, Jan"]
[Result "0-1"]
[WhiteElo "2584"]
[BlackElo "2567"]
[EventDate "2016.08.22"]
[PlyCount "102"]

1.Nf3 Nf6 2.c4 e6 3.g3 d5 4.Bg2 dxc4 5.Qa4+ c6 6.Qxc4 b5 7.Qb3 Bb7 8.O-O 
Nbd7 9.d3 a6 10.Nc3 c5 11.a4 c4 12.dxc4 Nc5 13.Qd1 b4 14.Nb1 Qxd1 15.Rxd1 
Nb3 16.Nd4 O-O-O 17.Bxb7+ Kxb7 18.Nxb3 Rxd1+ 19.Kg2 Be7 20.N1d2 Nd7 21.a5 
Nc5 22.Nxc5+ Bxc5 23.Nb3 Be7 24.Ra4 Rc8 25.c5 Bxc5 26.Nxc5+ Rxc5 27.Rxb4+ 
Rb5 28.Rc4 Rxa5 29.Bf4 e5 30.b4 Rb5 31.Be3 Rd7 32.g4 Rc7 33.Re4 Rc2 34.g5 
Rxe2 35.Rh4 h6 36.gxh6 gxh6 37.Rxh6 Rxb4 38.Rf6 a5 39.Rxf7+ Kc6 40.Ra7 a4 
41.Ra5 Rc2 42.Kg3 Rcc4 43.h3 Kd6 44.Kf3 Ke6 45.Kg2 Kf5 46.Bc5 Rb8 47.Bd6 
Re8 48.Bc5 Ke4 49.h4 Rg8+ 50.Kh3 Rc1 51.Rxa4+ Kd5 0-1

[Event "72nd NED-ch"]
[Site "Amsterdam NED"]
[Date "2016.08.24"]
[Round "3"]
[White "Van den Doel, Erik"]
[Black "l`Ami, Erwin"]
[Result "1/2-1/2"]
[WhiteElo "2575"]
[BlackElo "2606"]
[EventDate "2016.08.22"]
[PlyCount "101"]

1.e4 c5 2.Nc3 d6 3.d4 cxd4 4.Qxd4 a6 5.Be3 Nf6 6.f3 e5 7.Qb6 Qxb6 8.Bxb6 
Be6 9.O-O-O Be7 10.Nge2 O-O 11.g4 Rc8 12.Ng3 g6 13.h4 Nbd7 14.Ba5 Nc5 15.
g5 Nfd7 16.Nd5 Bd8 17.Bb4 b5 18.Kb1 Rab8 19.Nc3 Be7 20.Bh3 Nb6 21.Nd5 Kf8 
22.Bxe6 fxe6 23.Nxe7 Kxe7 24.h5 Rh8 25.Rh3 Rbf8 26.Rdh1 Rhg8 27.hxg6 hxg6 
28.Rh7+ Rf7 29.Nf1 Rf8 30.Ne3 Nbd7 31.Bxc5 Nxc5 32.Ng4 Nd7 33.Kc1 d5 34.
Kd2 Kd6 35.Rxf7 Rxf7 36.Ke3 Nb6 37.b3 Rc7 38.Kd2 Rf7 39.Rh3 Nd7 40.Ke3 b4 
41.Nf2 a5 42.Rh8 Rf8 43.Rh7 Rc8 44.Kd2 Rf8 45.Ng4 a4 46.Rg7 axb3 47.axb3 
d4 48.Ke2 Rc8 49.Kd2 Rf8 50.Ke2 Rc8 51.Kd2 1/2-1/2

[Event "72nd NED-ch"]
[Site "Amsterdam NED"]
[Date "2016.08.25"]
[Round "4"]
[White "l`Ami, Erwin"]
[Black "Van Wely, Loek"]
[Result "1/2-1/2"]
[WhiteElo "2606"]
[BlackElo "2657"]
[EventDate "2016.08.22"]
[PlyCount "128"]

1.d4 Nf6 2.c4 e6 3.Nc3 Bb4 4.Qc2 O-O 5.a3 Bxc3+ 6.Qxc3 b6 7.Bg5 Bb7 8.e3 
d6 9.Ne2 Nbd7 10.Qc2 c5 11.Rd1 Qc8 12.Nc3 cxd4 13.Rxd4 d5 14.cxd5 Nxd5 15.
Bd3 h6 16.Nxd5 Bxd5 17.e4 hxg5 18.exd5 exd5 19.h4 g4 20.O-O Nf6 21.Qd2 Re8
22.Qg5 Qc7 23.Bf5 Re2 24.Bxg4 Rxb2 25.h5 Qd6 26.Bf5 Kh8 27.Re1 Re8 28.
Rxe8+ Nxe8 29.Qe3 Nf6 30.g4 Ra2 31.Rd3 Qc5 32.g5 Qxe3 33.Rxe3 Ne4 34.Bxe4 
dxe4 35.Rxe4 g6 36.hxg6 fxg6 37.Re8+ Kg7 38.Re7+ Kf8 39.Rxa7 b5 40.Ra5 Rb2
41.Kg2 b4 42.axb4 Rxb4 43.Kg3 Kf7 44.Ra7+ Kf8 45.f4 Rb3+ 46.Kf2 Rc3 47.Ke2
Rb3 48.Ra6 Kf7 49.Rf6+ Kg7 50.Rd6 Kf7 51.Rd3 Rb1 52.Ke3 Ke6 53.Kf3 Rb4 54.
Re3+ Kf7 55.Rc3 Ra4 56.Rc7+ Kf8 57.Rd7 Rb4 58.Ke3 Ra4 59.Rd4 Ra7 60.Rd6 
Kg7 61.Ke4 Re7+ 62.Kd5 Rf7 63.Ke5 Rf5+ 64.Ke4 Rf7 1/2-1/2

[Event "72nd NED-ch"]
[Site "Amsterdam NED"]
[Date "2016.08.25"]
[Round "4"]
[White "Van Foreest, Jorden"]
[Black "Reinderman, Dimitri"]
[Result "0-1"]
[WhiteElo "2601"]
[BlackElo "2584"]
[EventDate "2016.08.22"]
[PlyCount "80"]

1.e4 c5 2.Nf3 Nc6 3.Bb5 g6 4.Bxc6 bxc6 5.O-O Bg7 6.Re1 Nh6 7.c3 O-O 8.h3 
f5 9.d3 Nf7 10.e5 Ba6 11.Bf4 Qb6 12.b3 d6 13.h4 dxe5 14.Nxe5 Bxe5 15.Rxe5 
Nxe5 16.Bxe5 f4 17.c4 Rf5 18.Qe1 Raf8 19.Nd2 Qd8 20.Nf3 Bc8 21.Rd1 Rh5 22.
Bc3 e5 23.Qe4 Bg4 24.Ng5 Bxd1 25.Qxe5 Rf6 26.Qxf6 Qxf6 27.Bxf6 Bc2 28.Ne4 
Rf5 29.Bb2 Bxd3 30.Nf6+ Kf7 31.Nxh7 Bb1 32.Ng5+ Ke7 33.a3 Ba2 34.Nf3 Bxb3 
35.Ne5 g5 36.h5 Kf8 37.Kh2 g4 38.Ng6+ Kf7 39.Ne5+ Ke6 40.Nd3 Bxc4 0-1

[Event "72nd NED-ch"]
[Site "Amsterdam NED"]
[Date "2016.08.25"]
[Round "4"]
[White "Van den Doel, Erik"]
[Black "Bok, Benjamin"]
[Result "1-0"]
[WhiteElo "2575"]
[BlackElo "2599"]
[EventDate "2016.08.22"]
[PlyCount "129"]

1.e4 c5 2.Nf3 d6 3.d4 cxd4 4.Nxd4 Nf6 5.Nc3 a6 6.g3 e5 7.Nb3 Be7 8.Bg2 O-O
9.O-O Be6 10.a4 Nbd7 11.Re1 Qb8 12.Nd2 Bd8 13.Nf1 Ba5 14.Bd2 Qc7 15.Ne3 
Rac8 16.Qe2 Rfe8 17.Red1 Bb6 18.a5 Bd4 19.Na4 Qc6 20.Bc3 Qb5 21.Qd3 Qxd3 
22.Rxd3 Nc5 23.Nxc5 dxc5 24.Nd5 Nxd5 25.exd5 Bf5 26.Rd2 Red8 27.Ra3 Bd7 
28.h4 Bb5 29.Bxd4 exd4 30.Ra1 Bc4 31.Re1 Kf8 32.Re5 f6 33.Rf5 Kf7 34.b3 g6
35.bxc4 gxf5 36.Rd1 Rb8 37.Rb1 Rd6 38.Bh3 Kg6 39.Kg2 b5 40.h5+ Kh6 41.Bxf5
Rdd8 42.Re1 bxc4 43.Re7 Kg5 44.Be6 d3 45.Rxh7 f5 46.f4+ Kg4 47.Rf7 Kxh5 
48.Bxf5 Rh8 49.cxd3 Rbf8 50.g4+ Kh4 51.Rxf8 Rxf8 52.dxc4 Rb8 53.d6 Rd8 54.
g5 Rxd6 55.g6 Rd8 56.Be6 Rd3 57.f5 Rg3+ 58.Kf2 Rg5 59.Kf3 Kh5 60.Ke4 Kh6 
61.Kd5 Rg2 62.Kxc5 Rb2 63.Kd6 Ra2 64.c5 Rxa5 65.c6 1-0

[Event "72nd NED-ch"]
[Site "Amsterdam NED"]
[Date "2016.08.25"]
[Round "4"]
[White "Werle, Jan"]
[Black "Ernst, Sipke"]
[Result "1/2-1/2"]
[WhiteElo "2567"]
[BlackElo "2535"]
[EventDate "2016.08.22"]
[PlyCount "104"]

1.d4 d5 2.c4 c6 3.Nf3 Nf6 4.e3 g6 5.Nc3 Bg7 6.Be2 O-O 7.O-O e6 8.Qc2 Nbd7 
9.Rd1 Re8 10.Bd2 b6 11.e4 Nxe4 12.Nxe4 dxe4 13.Qxe4 Bb7 14.Bf4 Qc8 15.Qc2 
c5 16.d5 e5 17.Be3 f5 18.Ng5 Nf6 19.f3 h6 20.Nh3 Qc7 21.Nf2 Rad8 22.a3 Bc8
23.Rac1 Bf8 24.Bf1 Kh7 25.Re1 Bd6 26.g3 Re7 27.Bd2 Rf8 28.Bg2 Kg7 29.Re2 
Rfe8 30.Rce1 Nh7 31.Bc3 Ng5 32.f4 Nf7 33.fxe5 Nxe5 34.b3 Kh7 35.Qb2 a6 36.
a4 Bd7 37.Qa1 b5 38.cxb5 axb5 39.Kh1 b4 40.Bb2 Bc8 41.Re3 Ba6 42.Qc1 c4 
43.bxc4 Nxc4 44.Rxe7+ Rxe7 45.Bd4 b3 46.Nd3 Na3 47.Qxc7 Rxc7 48.Re8 g5 49.
Rh8+ Kg6 50.Rg8+ Kh7 51.Rh8+ Kg6 52.Rg8+ Kh7 1/2-1/2

[Event "72nd NED-ch"]
[Site "Amsterdam NED"]
[Date "2016.08.26"]
[Round "5"]
[White "Bok, Benjamin"]
[Black "l`Ami, Erwin"]
[Result "1/2-1/2"]
[WhiteElo "2599"]
[BlackElo "2606"]
[EventDate "2016.08.22"]
[PlyCount "49"]

1.Nf3 Nf6 2.c4 b6 3.g3 Bb7 4.Bg2 e6 5.O-O c6 6.d4 Be7 7.b3 O-O 8.Bb2 d5 9.
Nbd2 Nbd7 10.Qc2 c5 11.Rac1 dxc4 12.Nxc4 Be4 13.Qd2 Rc8 14.dxc5 Rxc5 15.
Rfd1 Qa8 16.Qe1 Rcc8 17.Ba3 Bxa3 18.Nxa3 Rxc1 19.Rxc1 Rc8 20.Nb5 Rxc1 21.
Qxc1 Ne8 22.Qf4 Ndf6 23.Nc7 Qb7 24.Nxe8 Nxe8 25.Ne1 1/2-1/2

[Event "72nd NED-ch"]
[Site "Amsterdam NED"]
[Date "2016.08.26"]
[Round "5"]
[White "Ernst, Sipke"]
[Black "Van Foreest, Jorden"]
[Result "0-1"]
[WhiteElo "2535"]
[BlackElo "2601"]
[EventDate "2016.08.22"]
[PlyCount "150"]

1.d4 Nf6 2.c4 g6 3.Nc3 Bg7 4.e4 d6 5.Be2 O-O 6.Nf3 e5 7.O-O Nc6 8.d5 Ne7 
9.Bg5 h6 10.Bd2 Ne8 11.Qc1 Kh7 12.Qc2 f5 13.exf5 gxf5 14.g3 c6 15.Nh4 b5 
16.a3 bxc4 17.Bxc4 Bb7 18.dxc6 Bxc6 19.Be6 Bd7 20.Ba2 Rc8 21.Qd3 Bc6 22.
Be6 e4 23.Qe2 d5 24.Bxc8 Qxc8 25.Rfc1 Qd7 26.Nd1 Bb5 27.Qe1 Rf7 28.a4 Ba6 
29.Bf4 d4 30.Qa5 Bb7 31.Ng2 Qe6 32.Qb5 Nd5 33.a5 a6 34.Qe2 Nd6 35.Rc5 Nb5 
36.Qc4 Bf8 37.Rxb5 axb5 38.Qxd4 Bg7 39.Qd2 e3 40.Ndxe3 Nxe3 41.fxe3 Rd7 
42.Qe2 b4 43.a6 Ba8 44.a7 b3 45.h3 Qe4 46.Qf2 Qc2 47.e4 Bxb2 48.Re1 Qxf2+ 
49.Kxf2 Bd4+ 50.Be3 Bxa7 51.Rb1 Rd2+ 52.Kf1 Bxe4 53.Bxd2 Bxb1 54.Bc3 Bc5 
55.Bb2 Bf8 56.Ne3 Bg7 57.Bxg7 Kxg7 58.Kf2 Kf6 59.Nc4 Be4 60.Ke3 Bg2 61.h4 
Bd5 62.Nb2 Bf7 63.Nd3 Be6 64.Kd4 f4 65.gxf4 Kf5 66.Kc3 Bf7 67.Kb2 h5 68.
Kc3 Bg8 69.Ne5 Kxf4 70.Ng6+ Ke4 71.Kb2 Bf7 72.Nf8 Kf4 73.Nd7 Kg3 74.Ne5 
Bd5 75.Ng6 Be4 0-1

[Event "72nd NED-ch"]
[Site "Amsterdam NED"]
[Date "2016.08.26"]
[Round "5"]
[White "Reinderman, Dimitri"]
[Black "Van den Doel, Erik"]
[Result "1/2-1/2"]
[WhiteElo "2584"]
[BlackElo "2575"]
[EventDate "2016.08.22"]
[PlyCount "48"]

1.c4 e5 2.g3 Nf6 3.Bg2 Nc6 4.Nf3 d5 5.cxd5 Nxd5 6.O-O Nb6 7.Nc3 Be7 8.d3 
O-O 9.Be3 Be6 10.Rc1 Nd5 11.Nxd5 Bxd5 12.Qa4 a6 13.Bc5 Bd6 14.Rc3 Qe7 15.
Rfc1 f5 16.a3 Rad8 17.e3 Kh8 18.b4 e4 19.Ne1 Ne5 20.Bxd6 Qxd6 21.d4 Nc6 
22.b5 axb5 23.Qxb5 Rd7 24.Nc2 Ne7 1/2-1/2

[Event "72nd NED-ch"]
[Site "Amsterdam NED"]
[Date "2016.08.26"]
[Round "5"]
[White "Van Wely, Loek"]
[Black "Werle, Jan"]
[Result "1-0"]
[WhiteElo "2657"]
[BlackElo "2567"]
[EventDate "2016.08.22"]
[PlyCount "79"]

1.d4 Nf6 2.c4 e6 3.Nf3 Bb4+ 4.Nbd2 b6 5.a3 Bxd2+ 6.Qxd2 Bb7 7.e3 O-O 8.Be2
d6 9.O-O Nbd7 10.b4 Ne4 11.Qc2 f5 12.Bb2 a5 13.Rad1 Kh8 14.Ne1 Qg5 15.d5 
axb4 16.axb4 e5 17.f4 Qe7 18.Nf3 c6 19.dxc6 Bxc6 20.Ra1 h6 21.Rfd1 Rfe8 
22.Bf1 Bb7 23.Qd3 Rxa1 24.Rxa1 Rc8 25.Ra7 Rc7 26.Qd1 Kh7 27.Bd3 Kh8 28.Qe1
Qe6 29.Qh4 Nef6 30.Ng5 Qg8 31.h3 b5 32.Bxf5 Qxc4 33.Ne6 Bxg2 34.Ra1 Bb7 
35.Qg3 Nb6 36.Nxc7 Qxc7 37.fxe5 dxe5 38.Bxe5 Qc6 39.e4 Nc4 40.Bxf6 1-0

[Event "72nd NED-ch"]
[Site "Amsterdam NED"]
[Date "2016.08.27"]
[Round "6"]
[White "Bok, Benjamin"]
[Black "Reinderman, Dimitri"]
[Result "1/2-1/2"]
[WhiteElo "2599"]
[BlackElo "2584"]
[EventDate "2016.08.22"]
[PlyCount "114"]

1.d4 Nf6 2.c4 e5 3.dxe5 Ng4 4.Bf4 Nc6 5.Nf3 Bb4+ 6.Nbd2 Qe7 7.e3 Ngxe5 8.
Nxe5 Nxe5 9.Be2 O-O 10.O-O Ng6 11.Bg3 Bd6 12.Bxd6 Qxd6 13.Nb3 Qe5 14.Qd4 
d6 15.Rfd1 b6 16.Qxe5 dxe5 17.Bf3 Rb8 18.Rac1 Be6 19.Bd5 Rfe8 20.c5 Bxd5 
21.Rxd5 Rbd8 22.Rxd8 Rxd8 23.cxb6 cxb6 24.Kf1 Kf8 25.Ke2 Ke7 26.Nd2 Nf8 
27.g4 Ne6 28.Ne4 f6 29.h4 g6 30.Rc6 Rf8 31.b4 h6 32.a4 f5 33.gxf5 gxf5 34.
Nd2 e4 35.a5 Kd7 36.b5 bxa5 37.Ra6 Nc7 38.Rxa5 Kd6 39.Nb3 f4 40.exf4 Rxf4 
41.Nd4 Kc5 42.Rxa7 Kxd4 43.Rxc7 Rxh4 44.Rc1 Rg4 45.Rb1 Rg7 46.Rb4+ Kc5 47.
Rxe4 Kxb5 48.Rd4 Kc6 49.Kf3 Rd7 50.Ra4 Kd5 51.Kg4 Rg7+ 52.Kh5 Ke5 53.Kxh6 
Rg2 54.Ra2 Kf4 55.Rb2 Kf3 56.Ra2 Rxf2 57.Rxf2+ Kxf2 1/2-1/2

[Event "72nd NED-ch"]
[Site "Amsterdam NED"]
[Date "2016.08.27"]
[Round "6"]
[White "l`Ami, Erwin"]
[Black "Werle, Jan"]
[Result "1-0"]
[WhiteElo "2606"]
[BlackElo "2567"]
[EventDate "2016.08.22"]
[PlyCount "65"]

1.d4 Nf6 2.c4 e6 3.Nc3 Bb4 4.Qc2 O-O 5.a3 Bxc3+ 6.Qxc3 b6 7.Bg5 Bb7 8.f3 
d6 9.e4 c5 10.dxc5 bxc5 11.Rd1 Nc6 12.Bxf6 gxf6 13.Ne2 Rb8 14.b4 cxb4 15.
axb4 Qb6 16.b5 Ne5 17.Ng3 Rfc8 18.Nh5 Qxb5 19.Nxf6+ Kg7 20.Ng4 Kf8 21.Rxd6
Nxc4 22.Bxc4 Rxc4 23.Qh8+ Ke7 24.Qxb8 Rc8 25.Qxa7 Qb4+ 26.Rd2 Rc1+ 27.Ke2 
Rxh1 28.Qe3 Qb5+ 29.Kf2 Qf1+ 30.Kg3 Qe1+ 31.Qxe1 Rxe1 32.Ne5 Kf6 33.Kf4 
1-0

[Event "72nd NED-ch"]
[Site "Amsterdam NED"]
[Date "2016.08.27"]
[Round "6"]
[White "Van Foreest, Jorden"]
[Black "Van Wely, Loek"]
[Result "1/2-1/2"]
[WhiteElo "2601"]
[BlackElo "2657"]
[EventDate "2016.08.22"]
[PlyCount "117"]

1.e4 c5 2.Nf3 d6 3.Bb5+ Nd7 4.O-O Nf6 5.Re1 a6 6.Bd3 b5 7.c4 Rb8 8.Na3 b4 
9.Nb1 g6 10.b3 Bg7 11.Bb2 Nh5 12.Bxg7 Nxg7 13.a3 a5 14.axb4 axb4 15.Be2 e5
16.d3 O-O 17.Nfd2 h5 18.Nf1 Bb7 19.Nbd2 Ra8 20.Ne3 Rxa1 21.Qxa1 Nb8 22.Qa7
Qc8 23.Nd5 Nc6 24.Qb6 Kh8 25.Ra1 Ne6 26.Bd1 Kg7 27.Nf1 Qd7 28.Nfe3 Rb8 29.
Qb5 Qd8 30.Qb6 Qd7 31.Qb5 Qd8 32.Qb6 Qxb6 33.Nxb6 Ncd4 34.Nbd5 Ra8 35.Rxa8
Bxa8 36.g3 Bxd5 37.Nxd5 Nd8 38.Ne3 N8c6 39.Nf1 Kh6 40.Kg2 Na5 41.Nd2 Ne6 
42.Kh3 Nc6 43.Kg2 Ncd4 44.Nf1 h4 45.Kh3 Kg5 46.Ne3 hxg3 47.hxg3 f5 48.Kg2 
f4 49.Nf1 f3+ 50.Kh1 Kf6 51.Nh2 Ng5 52.Kg1 Ne2+ 53.Kf1 Nc1 54.Ng4+ Ke7 55.
Ke1 Ne6 56.Kd2 Ne2 57.Nh2 N6d4 58.Nxf3 Nxf3+ 59.Kxe2 1/2-1/2

[Event "72nd NED-ch"]
[Site "Amsterdam NED"]
[Date "2016.08.27"]
[Round "6"]
[White "Van den Doel, Erik"]
[Black "Ernst, Sipke"]
[Result "1-0"]
[WhiteElo "2575"]
[BlackElo "2535"]
[EventDate "2016.08.22"]
[PlyCount "77"]

1.e4 c5 2.Nf3 e6 3.c4 Nc6 4.Nc3 Nd4 5.Be2 Ne7 6.Nxd4 cxd4 7.Nb1 g5 8.h4 
gxh4 9.Rxh4 Ng6 10.Rh1 Qa5 11.g3 h5 12.Rxh5 Rxh5 13.Bxh5 Ne5 14.Kf1 b5 15.
d3 bxc4 16.dxc4 Bg7 17.Qxd4 Ba6 18.Be2 O-O-O 19.Nc3 Rh8 20.Qxa7 Nc6 21.
Qa8+ Nb8 22.Bf4 e5 23.Bc1 Qb6 24.c5 Bxe2+ 25.Kxe2 Qe6 26.Be3 Qc4+ 27.Kf3 
f5 28.Qd5 Qa6 29.exf5 e4+ 30.Nxe4 Nc6 31.f6 Rf8 32.Kg2 Bxf6 33.Nxf6 Rxf6 
34.Rd1 Qb7 35.Kg1 Re6 36.b4 Re5 37.Qg8+ Nd8 38.c6 dxc6 39.Qxd8# 1-0

[Event "72nd NED-ch"]
[Site "Amsterdam NED"]
[Date "2016.08.28"]
[Round "7"]
[White "Ernst, Sipke"]
[Black "Bok, Benjamin"]
[Result "0-1"]
[WhiteElo "2535"]
[BlackElo "2599"]
[EventDate "2016.08.22"]
[PlyCount "106"]

1.d4 d5 2.c4 e6 3.Nf3 Nf6 4.g3 Bb4+ 5.Nc3 O-O 6.Qb3 c5 7.Bg2 Nc6 8.cxd5 
exd5 9.a3 c4 10.Qc2 Bxc3+ 11.bxc3 h6 12.Ne5 Re8 13.Bf4 Be6 14.h3 Na5 15.g4
Ne4 16.Rd1 f6 17.Nf3 Bf7 18.O-O Nb3 19.Bc1 Bg6 20.Nd2 Nexd2 21.Qxg6 Nxc1 
22.Rxd2 Nxe2+ 23.Rxe2 Rxe2 24.Qf5 Kh8 25.Rb1 Qc8 26.Qxd5 Re7 27.Kf1 Rb8 
28.Bf3 Qe6 29.a4 b6 30.Qxe6 Rxe6 31.Bd5 Rd6 32.Bf7 Rb7 33.Bg6 a6 34.Re1 
Rb8 35.Re7 b5 36.Rc7 bxa4 37.Rxc4 a3 38.Ra4 Rb3 39.c4 Rxd4 40.Rxa6 Rd8 41.
Kg2 Rc3 42.Ra7 Kg8 43.Kh2 Rc8 44.Kg2 Kf8 45.Bf7 Rb8 46.Be6 Rb6 47.Bd5 Rb2 
48.h4 g5 49.h5 a2 50.c5 Rxc5 51.Bxa2 Rcc2 52.Bf7 Rxf2+ 53.Kg3 Rfe2 0-1

[Event "72nd NED-ch"]
[Site "Amsterdam NED"]
[Date "2016.08.28"]
[Round "7"]
[White "Reinderman, Dimitri"]
[Black "l`Ami, Erwin"]
[Result "1/2-1/2"]
[WhiteElo "2584"]
[BlackElo "2606"]
[EventDate "2016.08.22"]
[PlyCount "89"]

1.Nf3 Nf6 2.c4 b6 3.g3 Bb7 4.Bg2 g6 5.O-O Bg7 6.d4 O-O 7.Nc3 Ne4 8.Nxe4 
Bxe4 9.Be3 e6 10.Qd2 d6 11.Bh6 Nd7 12.Bxg7 Kxg7 13.Ne1 Bxg2 14.Nxg2 Nf6 
15.f3 c5 16.e4 e5 17.dxe5 dxe5 18.Qc2 h5 19.Rad1 Qe7 20.Ne3 Rad8 21.Nd5 
Nxd5 22.exd5 f5 23.Qc3 Qf6 24.Rfe1 Rfe8 25.Re2 Re7 26.Rde1 Rde8 27.Kg2 Kf7
28.h4 Kg7 29.a3 a5 30.b4 axb4 31.axb4 cxb4 32.Qxb4 e4 33.Qd2 Kh7 34.Re3 g5
35.fxe4 fxe4 36.hxg5 Qxg5 37.Qd4 Qe5 38.Qxe5 Rxe5 39.Rb1 Rc8 40.Rb4 b5 41.
cxb5 Rc2+ 42.Kh3 Rxd5 43.Rbxe4 Rxb5 44.Re5 Rxe5 45.Rxe5 1/2-1/2